Normal view
MARC view
Entry Personal Name
001 - CONTROL NUMBER
- control field: 50342
003 - CONTROL NUMBER IDENTIFIER
- control field: dpl
005 - DATE AND TIME OF LATEST TRANSACTION
- control field: 20120723124043.0
008 - FIXED-LENGTH DATA ELEMENTS
- fixed length control field: 120723|||a|||||| | ||| d
040 ## - CATALOGING SOURCE
- Original cataloging agency: dpl
- Transcribing agency: dpl
100 ## - HEADING--PERSONAL NAME
- Personal name: Narayan,R.K.
670 ## - SOURCE DATA FOUND
- Source citation: Work cat.: (dpl)63422: Narayan,R.K., Salt & sawdust :, 1993
670 ## - SOURCE DATA FOUND
- Source citation: Work cat.: (dpl)63422: Narayan,R.K., Salt & sawdust :, 1993
